000 00332 a2200157 4500
001 179696
020 _a
040 _cMagnum
100 _aAlbergaria, Lino de
240 1 0 _aO gnomo da pousada
_lpor
245 1 0 _aO gnomo da pousada
362 0 _a1899
440 1 _aLĂȘ
697 _aMAGNITO: IJ/FADAS, FANTASIA
942 _cBK
999 _c179696
_d179696